000 00799cam a22002413a 4500
001 4279
003 PGUSA
005 20140828083051.0
008 030701s2003||||xxu|||||s|||||000 | eng d
040 _aPGUSA
_beng
042 _adc
050 4 _aQH
100 1 _aBurroughs, John,
_d1837-1921
245 1 0 _aWinter Sunshine
_h[electronic resource] /
_cJohn Burroughs
260 _bProject Gutenberg,
_c2003
505 0 _aWinter sunshine -- The exhilarations of the road -- The snow-walkers -- The fox -- A March chronicle -- Autumn tides -- The apple -- An October abroad
506 _aPublic domain in the USA.
516 _aElectronic text
653 _aNatural history -- Outdoor books
830 0 _aProject Gutenberg
_v4279
856 4 0 _uhttp://www.gutenberg.org/ebooks/4279
942 _cEB
999 _c233608
_d233608